00488nam a22001577a 450000500170000001000130001702000260003003500130005603700220006908200150009110000180010624500930012426000300021727000540024730000290030120120809142050.0 aB-477203 a9788189640316c395.00 aB-477203 adplbk.k./pub/ven a343.541607 aKaushik, P D. aRegulations Nurture illegality;bcounterproductive regulations of Delhi/cby P D Kaushik aNew DelhibBookwellc2007 a24/4800, Ansari road,DaryaganjbNew Delhie110002 a vii 197 p.c22 cm. (Hb)